Statistics for Top 10 States with Highest Percent Mormon

Click here to take the quiz!

General Stats

  • This quiz has been taken 954 times
  • The average score is 8 of 10

Answer Stats

% MormonState% Correct
55%Utah
99%
19%Idaho
91%
5%Arizona
89%
4%Nevada
87%
4%Oregon
86%
3%Washington
86%
9%Wyoming
85%
4%Montana
84%
3%Hawaii
59%
5%Alaska
58%

Score Distribution

Percentile by Number Answered

Percent of People with Each Score

Your Score History

You have not taken this quiz